|
|
|
|
| LEADER |
00575nam a2200145Ia 4500 |
| 008 |
161229s9999 xx 000 0 und d |
| 020 |
|
|
|a 8120709055
|
| 082 |
|
|
|a 307.141 2 VUT/IN
|
| 100 |
|
|
|a Vuthimedhi, Yuwat
|
| 245 |
|
|
|a Integrated Rural Development, Thailand
|
| 260 |
|
|
|b Sterling Publishers Private Limited
|a New Delhi
|c 1989
|
| 300 |
|
|
|a ix, 188
|
| 942 |
|
|
|c BK
|
| 999 |
|
|
|c 151820
|d 151820
|
| 952 |
|
|
|0 0
|1 0
|4 0
|6 307_141000000000000_2_VUTIN
|7 0
|9 150876
|a KAUCLV
|b KAUCLV
|d 2016-12-29
|g 1500.00
|o 307.141 2 VUT/IN
|p 903129
|r 2016-12-29
|w 2016-12-29
|y BK
|z Book transferred from CCBM Library ,Acc.No:688
|